000 00300nam a2200121Ia 4500
999 _c3387
_d3387
008 200103s 1969 ||||xx |||||||||||||| ||und||
082 _a551.63
_bHMS
100 _aHMSO
245 4 _aThe marine observer's handbook
260 _bHMSO London
_c1969
_aLondon
300 _avii, 152
942 _cBK